The Democratic Republic of the Gullibilia - Statistics

General Stats
  • This quiz has been taken 7 times
  • The average score is 7 of 15
Answer Stats
Hint Answer % Correct
What ranking is DRG in the most islands category? 1
100%
How many corners does the flag have? 4
100%
How many crosses are there in the flag? 3
83%
What is the main export of the country? Oil
83%
DRG had its anniversary on October 5th. How many decades old did it became then? 11
67%
What is the biggest island? Iceland
50%
What is its population size in the closest millions? 55
33%
What is the only overseas territory that DRG owns? (Hint: only researchers live on this land) Antarctica
33%
What reason did DRG use to go independent from Sweden in the year 2369, and later conquer Sweden, Norway, Iceland and Poland? (Hint: opposite of what the D in DRG stands for) False Democracy
33%
What country has openly called DRG a "Country full of hypocrits who worship global warming"? Russia
33%
What does the colors of the three crosses mean? (Need to only name 1 of the 3 meanings.) Unity, Democracy and Sacrifice
33%
What is the biggest city in DRG? Warsaw
33%
The countrys size in km2. Rounded up to the closest hundred thousand. 1 300 000
17%
What is the highest mountain? Galdhøpiggen
17%
Capital city of DRG Sri Jayawardenapura Kotte
17%
No matching quizzes found
Score Distribution
Percent of People with Each Score
Percentile by Number Answered
Your Score History
You have not taken this quiz